| 000 -CABECERA |
| Longitud fija campo de control |
01379nam a2200385 i 4500 |
| 001 - NÚMERO DE CONTROL |
| Número de control |
991060885568706706 |
| 003 - IDENTIFICADOR DEL NÚMERO DE CONTROL |
| Identificador del número de control |
OSt |
| 005 - FECHA Y HORA DE LA ÚLTIMA TRANSACCIÓN |
| Fecha y hora de la última transacción |
20230327122646.0 |
| 008 - CÓDIGOS DE INFORMACIÓN DE LONGITUD FIJA |
| Códigos de información de longitud fija |
221122e202211 spca||| |||| 0|0 0 cat| |
| 015 ## - NÚMERO DE BIBLIOGRAFÍA NACIONAL |
| Número de bibliografía nacional |
LL2022 |
| Fuente |
bnc |
| 017 ## - NÚMERO DE COPYRIGHT O DE DEPÓSITO LEGAL |
| Número de copyright o de depósito legal |
DL B 18348-2022 |
| Agencia que asigna el número |
Biblioteca de Catalunya |
| 020 ## - NÚMERO INTERNACIONAL NORMALIZADO PARA LIBROS |
| Número Internacional Normalizado para Libros (ISBN) |
9788418928673 |
| 040 ## - FUENTE DE LA CATALOGACIÓN |
| Centro catalogador de origen |
ES-BaBC |
| Lengua de catalogación |
cat |
| Normas de descripción |
rda |
| Centro transcriptor |
CDMR |
| 043 ## - CÓDIGO DE ÁREA GEOGRÁFICA |
| Código de área geográfica |
n-us--- |
| 080 ## - NÚMERO DE LA CLASIFICACIÓN DECIMAL UNIVERSAL |
| Número de la Clasificación Decimal Universal |
32Trump, Donald |
| Identificador de la edición |
2004 |
| 080 ## - NÚMERO DE LA CLASIFICACIÓN DECIMAL UNIVERSAL |
| Número de la Clasificación Decimal Universal |
94 |
| Subdivisión auxiliar común |
(73) |
| -- |
"20" |
| Identificador de la edición |
2004 |
| 080 ## - NÚMERO DE LA CLASIFICACIÓN DECIMAL UNIVERSAL |
| Número de la Clasificación Decimal Universal |
32 |
| Subdivisión auxiliar común |
(73) |
| -- |
"2017/..." |
| Identificador de la edición |
2004 |
| 080 ## - NÚMERO DE LA CLASIFICACIÓN DECIMAL UNIVERSAL |
| Número de la Clasificación Decimal Universal |
32 |
| Subdivisión auxiliar común |
(73) |
| -- |
"20" |
| Identificador de la edición |
2004 |
| 080 ## - NÚMERO DE LA CLASIFICACIÓN DECIMAL UNIVERSAL |
| Número de la Clasificación Decimal Universal |
308 |
| Subdivisión auxiliar común |
(73) |
| -- |
"20" |
| Identificador de la edición |
2004 |
| 100 1# - PUNTO DE ACCESO PRINCIPAL-NOMBRE DE PERSONA |
| Nombre de persona |
Reverter, Xesco, |
| 245 10 - MENCIÓN DE TÍTULO |
| Título |
Estats Units, el país de les contradiccions : |
| Resto del título |
cròniques d'una era turbulenta / |
| Mención de responsabilidad, etc. |
Xesco Reverter ; pròleg d'Antoni Bassas |
| 264 #1 - PRODUCCIÓN, PUBLICACIÓN , DISTRIBUCIÓN, FABRICACIÓN Y COPYRIGHT |
| Lugar de producción, publicación, distribución, fabricación |
Barcelona : |
| Nombre del productor, editor, distribuidor, fabricante |
Ara Llibres, |
| Fecha de de producción, publicación, distribución, fabricación o copyright |
2022 |
| 300 ## - DESCRIPCIÓN FÍSICA |
| Extensión |
318 pàgines : |
| Otras características físicas |
il·lustracions en blanc i negre ; |
| Dimensiones |
21 cm |
| 490 1# - MENCIÓN DE SERIE |
| Mención de serie |
Pausa ; |
| Designación de volumen o secuencia |
13 |
| 600 17 - PUNTO DE ACCESO ADICIONAL DE MATERIA - NOMBRE DE PERSONA |
| Nombre de persona |
Trump, Donald, |
| Subdivisión de materia general (R ) |
Influència. |
| Fuente de encabezamiento o te&ecute,rmino |
lemac |
| 650 #7 - PUNTO DE ACCESO ADICIONAL DE MATERIA - TÉRMINO DE MATERIA |
| Término de materia o nombre geográfico como elemento inicial |
Presidents |
| Subdivisión geográfica |
Estats Units d'Amèrica |
| Subdivisión de materia general |
Elecció |
| Subdivisión cronológica |
2016. |
| Fuente del encabezamiento o término |
lemac |
| 650 #0 - PUNTO DE ACCESO ADICIONAL DE MATERIA - TÉRMINO DE MATERIA |
| Término de materia o nombre geográfico como elemento inicial |
Corresponsals estrangers |
| Subdivisión geográfica |
Estats Units d'Amèrica |
| 9 (RLIN) |
2802 |
| 651 #7 - PUNTO DE ACCESO ADICIONAL DE MATERIA - NOMBRE GEOGRÁFICO |
| Nombre geográfico |
Estats Units d'Amèrica |
| Subdivisión de materia general |
Política i govern |
| Subdivisión cronológica |
S. XXI. |
| Fuente del encabezamiento o término |
lemac |
| 651 #7 - PUNTO DE ACCESO ADICIONAL DE MATERIA - NOMBRE GEOGRÁFICO |
| Nombre geográfico |
Estats Units d'Amèrica |
| Subdivisión de materia general |
Condicions socials |
| Subdivisión cronológica |
S. XXI. |
| Fuente del encabezamiento o término |
lemac |
| 700 1# - PUNTO DE ACCESO ADICIONAL - NOMBRE DE PERSONA |
| Nombre de persona |
Bassas, Antoni |
| 9 (RLIN) |
771 |
| 830 #0 - PUNTO DE ACCESO ADICIONAL DE SERIE - TÍTULO UNIFORME |
| Título uniforme |
Pausa (Ara Llibres) ; |
| Designación de volumen o secuencia |
13 |
| 908 ## - CONTROL DE PARÁMETROS (RLIN) |
| Parametro de comando lanzado |
BC |
| -- |
UAB |
| -- |
UB |
| 940 ## - |
| T&íacute;tulo uniforme |
<a href="BC">BC</a> |
| 942 ## - ENTRADA DE ELEMENTOS AGREGADOS (KOHA) |
| Fuente de clasificaión o esquema |
|
| Koha [por defecto] tipo de item |
Monografies |